Famous Serial Killer Quiz - Statistics

General Stats
  • This quiz has been taken 1,062 times
  • The average score is 8 of 15
Answer Stats
Picture Answer % Correct
Jeffrey Dahmer
96%
Ted Bundy
87%
Jack the Ripper
86%
John Wayne Gacy
82%
The Zodiac Killer
69%
Richard Ramirez
67%
Charles Manson
65%
David Berkowitz
45%
Dennis Rader
40%
Ed Gein
37%
Gary Ridgeway
31%
Harold Shipman
29%
Dennis Nilsen
18%
Pedro López
11%
Belle Gunness
6%
No matching quizzes found
Score Distribution
Percent of People with Each Score
Percentile by Number Answered
Your Score History
You have not taken this quiz